Pavel Jozeffy

Bibliographic Details
Main Author: Koštial, Rudolf, 1913-1991 (Author)
Format: Article
Language:Slovak

MARC

LEADER 00000nab a2200000uu 4500
001 vtls011526653
003 SK-MaSNL
005 20260303112837.0
008 230121|1975 xo |||||||||||||||||slo|
015 |a SNBRB 
035 |a (urnnbn)urn:nbn:sk:snk:ar-a08t09 
035 |a (uuid)955d13af-1883-45b9-817a-a842228a324c 
035 |a urn:nbn:sk:snk-abedp8 
040 |a SNKBUCL  |b slo  |c SNKBUCL  |e AACR2 
041 0 |a slo 
044 |a xo  |c SK 
100 1 |a Koštial, Rudolf,  |d 1913-1991  |4 aut  |9 56188 
245 1 0 |a Pavel Jozeffy  |c Rudolf Koštial 
773 0 |t Cirkevné listy : časopis venovaný záujmom cirkve evanjelickej a. v.  |g Roč. 88, č. 1 (1975), s. 10-15 
954 |a odborná, vedecká literatúra pôvodná (slovenská)  |2 lita 
958 |a OND 
958 |a EUIPO 
958 |a article21 
999 |c 1887832  |d 1889762